| 000 | 01162nam a22002537a 4500 | ||
|---|---|---|---|
| 003 | OSt | ||
| 005 | 20181001065925.0 | ||
| 008 | 180220b xxu||||| |||| 00| 0 spa d | ||
| 020 | _a9505360630 | ||
| 040 | _cPJ | ||
| 100 |
_995 _aMorello, Augusto Mario |
||
| 245 | 1 | 3 |
_aEl proceso justo : _cAlberto Luis Maurino; prólogo de Augusto C. Belluscio. |
| 260 |
_aLa Plata : _cPlatense, _b1994. |
||
| 300 |
_a682 p. ; _c23 cm. |
||
| 500 | _aNotas y citas bibliográficas a pie de página. | ||
| 505 | _aContenido: Sistema constitucional de la Justicia -- A lo largo del siglo XX -- De la teoría del debido paroceso legal al acceso real a la jurisdicción -- Sociología del proceso justo -- Las garantías interiores del proceso -- Los despliegues del proceso justo -- Los obstáculos que impiden el acceso real al proceso justo -- Recapitulación y futuro. | ||
| 650 | 0 |
_9267 _aDERECHO PROCESAL |
|
| 650 | 0 |
_9178 _aDERECHO CONSTITUCIONAL |
|
| 650 | 0 |
_92401 _aPROCESO JUDICIAL |
|
| 650 | 0 |
_9615 _aDERECHOS Y GARANTIAS CONSTITUCIONALES |
|
| 650 | 0 |
_9586 _aDEFENSA EN JUICIO |
|
| 650 | 0 |
_9180 _aDEBIDO PROCESO |
|
| 942 |
_2udc _cLIB _h347.9:342.4 _iMOR |
||
| 999 |
_c1603 _d1603 |
||